000 00643nam a2200205Ia 4500
003 GCL
008 140319s9999 xx 000 0 ara d
040 _aGCL /
_cGCL
082 0 4 _a070.175
_bغ ا
100 1 _aغازى زين عوض الله
245 1 0 _aالاسس الفنية للمجلة /
_cغازى زين عوض الله
300 _a152 ص
490 _aالهيئة العامة للاستعلامات
_v0
650 0 4 _aالصحافة
650 0 4 _aالصحف
650 0 4 _aالصحف - تنظيم وادارة
650 0 4 _aالصحف - الرقابة
650 0 4 _aالصحف - اقسام واعمدة
942 _2ddc
_cBK
999 _c51923
_d51923